00377nam a2200157Ia 450000500170000000800410001702000150005805000240007310000170009724500420011426000350015630000070019144000060019852100070020452600080021120140405101456.0140130s9999 xx 000 0 und d a0590484125 aQC 225.5b.B37 1995 aBeech, Linda cLinda BeechaIn the Haunted Museum / bScholastic,c1995.aNew York : a28 v1 aG2 c370